[Event "Challenge"]
[Site "http://www.queenalice.com/game.php?id=117290"]
[Date "2006.10.15"]
[Round "-"]
[White "Susi"]
[Black "Archer"]
[Result "1-0"]
[WhiteElo "1329"]
[BlackElo "1303"]

1. d4 Nf6 2. c4 d5 3. cxd5 Qxd5 4. e3 Qa5+ 5. Bd2 Qf5 6. Nf3 Ng4 7. Nc3 e6 8. e4
Qf6 9. h3 Nh6 10. g4 Qe7 11. Bg5 f6 12. Bxh6 gxh6 13. a3 f5 14. gxf5 exf5 15.
Ne5 fxe4 16. Nd5 Qe6 17. Nxc7+ Ke7 18. Nxe6 Bxe6 19. d5 Bc8 20. Qh5 Na6 21. Qh4+
Ke8 22. Bb5+ Bd7 23. Bxd7# 1-0

[Event "Challenge"]
[Site "http://www.queenalice.com/game.php?id=119176"]
[Date "2006.10.20"]
[Round "-"]
[White "tania"]
[Black "Susi"]
[Result "0-1"]
[WhiteElo "1075"]
[BlackElo "1361"]

1. Nf3 d5 2. d4 Nc6 3. c3 Bf5 4. e3 a6 5. Qa4 b5 6. Qb3 e6 7. Be2 Nf6 8. Ng5 h6
9. Bf3 hxg5 10. Qd1 g4 11. Be2 Bd6 12. g3 Be4 13. O-O Bf5 14. Qb3 Rh3 15. Bd1
Na5 16. Qa3 Bxa3 17. bxa3 Ne4 18. f4 gxf3 19. Rxf3 Qg5 20. Bc2 Nxg3 21. hxg3
Rxg3+ 22. Kf2 Rg1 23. Bxf5 Qg2# 0-1

[Event "Challenge"]
[Site "http://www.queenalice.com/game.php?id=119245"]
[Date "2006.10.20"]
[Round "-"]
[White "mario"]
[Black "Susi"]
[Result "1-0"]
[WhiteElo "1842"]
[BlackElo "1344"]

1. e4 c5 2. Nf3 e6 3. Nc3 Nc6 4. Bc4 Nge7 5. d3 d5 6. exd5 exd5 7. Bb5 a6 8.
Bxc6+ Nxc6 9. d4 cxd4 10. Nxd4 Bb4 11. O-O O-O 12. Be3 Bxc3 13. bxc3 Re8 14. Rb1
Qa5 15. Qd2 Qxa2 16. Nb3 Bf5 17. Rfc1 Ne5 18. Ra1 Qb2 19. Qxd5 Bxc2 20. Nd4 Bd3
21. Ra2 Bc4 22. Rxb2 Bxd5 23. Rd1 Nc4 24. Re2 Nxe3 25. fxe3 Bc4 26. Ree1 g6 27.
Kf2 f5 28. Nf3 b5 29. Ra1 a5 30. Ra3 b4 31. cxb4 axb4 32. Rxa8 Rxa8 33. Rb1 Ra2+
34. Ke1 Re2+ 35. Kd1 Rxg2 36. Rxb4 Be2+ 37. Kd2 Bxf3+ 38. Kd3 Rxh2 39. Kd4 Rd2+
40. Ke5 Rd5+ 41. Kf6 Rd3 42. Rb8+ Rd8 43. Rxd8# 1-0

[Event "Challenge"]
[Site "http://www.queenalice.com/game.php?id=120229"]
[Date "2006.10.23"]
[Round "-"]
[White "Susi"]
[Black "Boeing"]
[Result "1-0"]
[WhiteElo "1579"]
[BlackElo "1863"]

1. e4 e5 2. Nf3 d6 3. d4 Bg4 4. dxe5 Bxf3 5. Qxf3 dxe5 6. Qb3 b6 7. Nc3 a6 8.
Be3 Nc6 9. Rd1 Nd4 10. Bxd4 exd4 11. Nd5 Bc5 12. Qg3 Kf8 13. Qxc7 Qxc7 14. Nxc7
Ra7 15. Nxa6 Rd7 16. f3 Ra7 17. b4 Be7 18. Rxd4 Bf6 19. Rd6 Bc3+ 20. Kd1 Nf6 21.
Rxb6 Rd7+ 22. Bd3 Ke7 23. Rc6 Bb2 24. Nc5 Ra7 25. Bc4 Rd8+ 26. Ke2 Rd4 27. Nd3
Bc3 28. Bb3 Bb2 29. c3 Rd6 30. Rxd6 Kxd6 31. e5+ Kc6 32. exf6 gxf6 33. Nxb2 Re7+
34. Kd2 f5 35. Nc4 f6 36. Ba4+ Kd5 37. Nb6+ Ke6 38. Bb3+ Kd6 39. Nc8+ Kd7 40.
Nxe7 Kxe7 41. Re1+ 1-0

[Event "Challenge"]
[Site "http://www.queenalice.com/game.php?id=120615"]
[Date "2006.10.24"]
[Round "-"]
[White "Susi"]
[Black "metroid"]
[Result "1-0"]
[WhiteElo "1300"]
[BlackElo "1265"]

1. e4 Nc6 2. Nf3 Nf6 3. Nc3 e5 4. d4 exd4 5. Nxd4 Bd6 6. Nf5 Bc5 7. Nxg7+ Kf8 8.
Bh6 Ng4 9. Ne6+ Ke8 10. Nxd8 Kxd8 11. Qxg4 Re8 12. Qf4 Bd6 13. Bg5+ Be7 14. Nd5
d6 15. Qxf7 Bxg5 16. Qxc7# 1-0

[Event "Challenge"]
[Site "http://www.queenalice.com/game.php?id=120621"]
[Date "2006.10.24"]
[Round "-"]
[White "atomic"]
[Black "Susi"]
[Result "0-1"]
[WhiteElo "1498"]
[BlackElo "1546"]

1. e4 e5 2. Qh5 Nc6 3. Bc4 Nh6 4. d3 g6 5. Qf3 Nd4 6. Qd1 b5 7. Bd5 c6 8. Bb3 d5
9. exd5 cxd5 10. Be3 Nxb3 11. axb3 Ng4 12. h3 Nxe3 13. fxe3 Qg5 14. Qe2 Bb4+ 15.
c3 Bd6 16. h4 Qg3+ 17. Kd2 Bg4 18. Nf3 e4 19. dxe4 dxe4 20. Qxb5+ Kf8 21. Ne1
Rd8 22. Kc2 Qf2+ 23. Nd2 Be7 24. Kb1 Rxd2 25. Qb8+ Kg7 26. Qe5+ Bf6 27. Qc5
Rxb2+ 28. Kc1 Qd2# 0-1

[Event "Challenge"]
[Site "http://www.queenalice.com/game.php?id=120628"]
[Date "2006.10.24"]
[Round "-"]
[White "Loro"]
[Black "Susi"]
[Result "0-1"]
[WhiteElo "1261"]
[BlackElo "1315"]

1. e4 e5 2. Qf3 Nc6 3. Bc4 Nh6 4. d4 Nxd4 5. Qh5 Nxc2+ 6. Kd1 Nxa1 7. Bxh6 Qf6
8. Be3 d5 9. Bg5 Qxf2 10. Bh4 Qc2+ 11. Ke1 Qxb1+ 12. Kf2 Bc5+ 13. Kg3 Qe1+ 14.
Kf3 dxe4# 0-1

[Event "Challenge"]
[Site "http://www.queenalice.com/game.php?id=125388"]
[Date "2006.11.4"]
[Round "-"]
[White "edermachado"]
[Black "Susi"]
[Result "0-1"]
[WhiteElo "1112"]
[BlackElo "1468"]

1. e3 e5 2. d3 Nc6 3. Be2 d5 4. Bd2 Nf6 5. Nf3 Bg4 6. h3 Bd7 7. Nc3 Be7 8. a3
O-O 9. O-O Bd6 10. g4 a6 11. b4 a5 12. Nb5 Be7 13. Ng5 axb4 14. axb4 Rxa1 15.
Qxa1 h6 16. Nf3 Bxb4 17. Bxb4 Nxb4 18. Nc3 d4 0-1

[Event "Challenge"]
[Site "http://www.queenalice.com/game.php?id=125544"]
[Date "2006.11.5"]
[Round "-"]
[White "Jorge"]
[Black "Susi"]
[Result "0-1"]
[WhiteElo "1451"]
[BlackElo "1392"]

1. e4 e5 2. Bc4 Nh6 3. f3 c6 4. Bd3 d5 5. exd5 cxd5 6. Qe2 Nc6 7. c3 Bd6 8. Nh3
Bxh3 9. gxh3 Rc8 10. b4 Qh4+ 11. Qf2 Qxh3 12. Bb5 a6 13. Ba4 b5 14. Bb3 Be7 15.
Bxd5 Bh4 16. Be6 Bxf2+ 17. Kxf2 fxe6 18. Rg1 Qxh2+ 19. Rg2 Ng4+ 20. Kf1 Qh1+ 21.
Rg1 Qxf3+ 22. Ke1 Qe4+ 23. Kd1 Nf2# 0-1

[Event "Challenge"]
[Site "http://www.queenalice.com/game.php?id=125836"]
[Date "2006.11.6"]
[Round "-"]
[White "Susi"]
[Black "everton_jacobi"]
[Result "1-0"]
[WhiteElo "1366"]
[BlackElo "1612"]

1. e4 c5 2. Nf3 e6 3. d4 d5 4. exd5 exd5 5. Bb5+ Bd7 6. Bxd7+ Nxd7 7. O-O Bd6 8.
dxc5 Bxc5 9. Qxd5 Qb6 10. Ng5 Nh6 11. Qe4+ Kd8 12. Nd2 Re8 13. Qxh7 Bxf2+ 14.
Rxf2 Re1+ 15. Nf1 Ng4 16. Nxf7+ Kc7 17. Qh4 Nxf2 18. Qc4+ Nc5 19. Bf4+ Kd7 20.
Rxe1 Rc8 21. Qd5+ Qd6 22. Qxd6# 1-0

[Event "Challenge"]
[Site "http://www.queenalice.com/game.php?id=127190"]
[Date "2006.11.9"]
[Round "-"]
[White "Zen"]
[Black "Susi"]
[Result "0-1"]
[WhiteElo "1346"]
[BlackElo "1423"]

1. e3 e5 2. c4 Nc6 3. Nc3 Nf6 4. Nd5 g6 5. Qf3 Bg7 6. Nh3 d6 7. Bd3 O-O 8. O-O
Nxd5 9. cxd5 Nb4 10. Bc4 Qh4 11. e4 Bxh3 12. gxh3 Nc2 13. Rb1 f5 14. Qc3 Nd4 15.
exf5 Qe4 16. Bd3 Nf3+ 17. Kh1 Qf4 18. Kg2 Nh4+ 19. Kg1 Qg5+ 20. Kh1 Qg2# 0-1

[Event "Challenge"]
[Site "http://www.queenalice.com/game.php?id=127450"]
[Date "2006.11.9"]
[Round "-"]
[White "Susi"]
[Black "TomBishop"]
[Result "1-0"]
[WhiteElo "1410"]
[BlackElo "1337"]

1. e4 e5 2. Nf3 Nc6 3. Bb5 a6 4. Ba4 d6 5. Bxc6+ bxc6 6. d4 Nf6 7. Nc3 exd4 8.
Qxd4 d5 9. Bg5 h6 10. Bxf6 Qxf6 11. Qxf6 gxf6 12. exd5 cxd5 13. Nxd5 Rb8 14.
Nxf6+ Kd8 15. Ne5 Rb6 16. O-O-O+ Ke7 17. Nd5+ 1-0

[Event "Tu rebancha"]
[Site "http://www.queenalice.com/game.php?id=128391"]
[Date "2006.11.11"]
[Round "-"]
[White "Susi"]
[Black "mario"]
[Result "1-0"]
[WhiteElo "1517"]
[BlackElo "1841"]

1. e4 e5 2. Nf3 Nc6 3. Bb5 d6 4. d4 a6 5. Bxc6+ bxc6 6. dxe5 d5 7. Nc3 Bb4 8.
Qd4 Rb8 9. Bg5 Ne7 10. O-O-O Bxc3 11. Qxc3 Bb7 12. Nd4 O-O 13. Nf5 f6 14. exf6
gxf6 15. Bxf6 Rxf6 16. Qxf6 Nxf5 17. Qxd8+ Rxd8 18. exf5 Rf8 19. g4 h6 20. f4 h5
21. h3 hxg4 22. hxg4 c5 23. Kd2 d4 24. Rh3 c4 25. Re1 a5 26. Re7 Bd5 27. Rxc7
c3+ 28. bxc3 dxc3+ 29. Rhxc3 Bxa2 30. Ra3 Bd5 31. Rxa5 Be4 32. Ke3 Bg2 33. c4
Bh3 34. Kf3 Bf1 35. c5 Bc4 36. c6 Bf7 37. f6 Kh7 38. Raa7 Kg6 39. Rxf7 Rxf7 40.
Rxf7 Kxf7 41. g5 Kf8 42. c7 1-0

[Event "Di novo!!!"]
[Site "http://www.queenalice.com/game.php?id=129697"]
[Date "2006.11.15"]
[Round "-"]
[White "Susi"]
[Black "Loro"]
[Result "1-0"]
[WhiteElo "1436"]
[BlackElo "1370"]

1. e4 e5 2. Nf3 d6 3. d4 exd4 4. Qxd4 Nc6 5. Bb5 Bd7 6. Bxc6 Bxc6 7. Bg5 f6 8.
Be3 Qd7 9. Nc3 g5 10. O-O-O Bg7 11. Qc4 b5 12. Qe2 g4 13. Nd4 Bb7 14. Nf5 h5 15.
Nxg7+ Qxg7 16. Qxb5+ c6 17. Qb4 c5 18. Qb5+ Kf8 19. Rxd6 a6 20. Qxc5 Rc8 21.
Rd8+ Kf7 22. Rd7+ Kg6 23. Qf5# 1-0

[Event "Challenge"]
[Site "http://www.queenalice.com/game.php?id=130486"]
[Date "2006.11.17"]
[Round "-"]
[White "Susi"]
[Black "Denorwaygths"]
[Result "0-1"]
[WhiteElo "1629"]
[BlackElo "1838"]

1. e4 e5 2. Nf3 Nc6 3. Bb5 Nd4 4. Nxd4 exd4 5. O-O a6 6. Bc4 Bd6 7. f4 b5 8. Bb3
Bb7 9. d3 Qh4 10. Nd2 g5 11. Nf3 Qh5 12. Nxg5 Qxd1 13. Rxd1 Nh6 14. Bd2 O-O-O
15. e5 Be7 16. Nxf7 Nxf7 17. Bxf7 d5 18. f5 Rdf8 19. Be6+ Kb8 20. Bh6 Rd8 21.
Bf7 Bf8 0-1

[Event "Challenge"]
[Site "http://www.queenalice.com/game.php?id=133383"]
[Date "2006.11.25"]
[Round "-"]
[White "rafaelbdb"]
[Black "Susi"]
[Result "1/2-1/2"]
[WhiteElo "1405"]
[BlackElo "1560"]

1. e4 e5 2. Nf3 Nc6 3. Nc3 Nf6 4. d4 exd4 5. Nxd4 Bc5 6. Nxc6 bxc6 7. e5 Qe7 8.
Bf4 d5 9. Be2 Nd7 10. O-O g5 11. Bg3 O-O 12. Qd2 Nxe5 13. Bxe5 Qxe5 14. a3 Rb8
15. Na4 Bd6 16. g3 Bh3 17. Rfe1 Qf6 18. Rad1 Rfe8 19. Bf1 Bg4 20. Rxe8+ Rxe8 21.
Qd4 Qxd4 22. Rxd4 Bf3 23. b4 1/2-1/2

[Event "Challenge"]
[Site "http://www.queenalice.com/game.php?id=133596"]
[Date "2006.11.25"]
[Round "-"]
[White "Casemiro"]
[Black "Susi"]
[Result "0-1"]
[WhiteElo "1528"]
[BlackElo "1449"]

1. e4 e5 2. c3 Nf6 3. f3 d5 4. d3 Nc6 5. Nd2 h6 6. b3 d4 7. c4 Bb4 8. Nh3 Bxh3
9. gxh3 Nh5 10. a3 Qh4+ 11. Ke2 Nf4# 0-1

[Event "Challenge"]
[Site "http://www.queenalice.com/game.php?id=136661"]
[Date "2006.12.3"]
[Round "-"]
[White "Susi"]
[Black "Scutellospora"]
[Result "1-0"]
[WhiteElo "1470"]
[BlackElo "1465"]

1. d4 e6 2. c4 b6 3. e4 Bb7 4. Nc3 Nc6 5. Nf3 Nf6 6. e5 Ng4 7. h3 Nh6 8. d5 Nxe5
9. Nxe5 f6 10. Bxh6 fxe5 11. Qh5+ Ke7 12. Bg5+ Kd6 13. Ne4# 1-0

[Event "Challenge"]
[Site "http://www.queenalice.com/game.php?id=141799"]
[Date "2006.12.15"]
[Round "-"]
[White "edermachado"]
[Black "Susi"]
[Result "1-0"]
[WhiteElo "1389"]
[BlackElo "1603"]

1. g3 e5 2. d3 Nc6 3. Nf3 d6 4. Bg2 g6 5. O-O d5 6. c3 Nf6 7. Bg5 h6 8. Bh4 g5
9. Bxg5 hxg5 10. h3 Bxh3 11. Bxh3 Rxh3 12. Kg2 Rh5 13. Rh1 g4 14. Nfd2 Rxh1 15.
Kxh1 Qd7 16. Qa4 Qf5 17. Nf3 gxf3 18. exf3 Qxf3+ 19. Kh2 Ng4+ 20. Kh3 Nxf2+ 21.
Kh2 1-0

[Event "Challenge"]
[Site "http://www.queenalice.com/game.php?id=148445"]
[Date "2006.12.31"]
[Round "-"]
[White "Tlaloc2k"]
[Black "Susi"]
[Result "0-1"]
[WhiteElo "1496"]
[BlackElo "1566"]

1. e4 e5 2. Qf3 Nf6 3. Bc4 Nc6 4. c3 Na5 5. d3 Nc6 6. Be3 d6 7. Ne2 Na5 8. Bb3
Nxb3 9. axb3 b6 10. c4 Bg4 11. Qg3 Be7 12. f3 Bd7 13. Nbc3 Nh5 14. Qf2 f5 15.
exf5 O-O 16. g4 Bh4 17. Ng3 Nf4 18. Bxf4 exf4 19. O-O c5 20. Qg2 fxg3 21. hxg3
Bf6 22. Nd1 Bd4+ 23. Nf2 Bxb2 24. Ra2 Bd4 25. Qh3 Rf6 26. Kg2 Rh6 27. Qxh6 gxh6
28. Rh1 Qf8 29. Rxh6 Qxh6 30. Ne4 Qe3 31. Nf6+ Bxf6 0-1

[Event "Mi revancha"]
[Site "http://www.queenalice.com/game.php?id=151501"]
[Date "2007.1.8"]
[Round "-"]
[White "mario"]
[Black "Susi"]
[Result "0-1"]
[WhiteElo "1782"]
[BlackElo "1606"]

1. e4 c5 2. c4 g6 3. Nc3 Bg7 4. Rb1 Nc6 5. Nf3 d6 6. h3 f5 7. d3 fxe4 8. dxe4
Bxc3+ 9. bxc3 Nf6 10. Bd3 Qa5 11. Qd2 O-O 12. O-O b6 13. Ng5 Ne5 14. Be2 Nf7 15.
Ne6 Bxe6 16. f3 Qa6 17. Rf2 Bxc4 18. a3 e6 19. Bd1 Rae8 20. g4 d5 21. Bc2 Ne5
22. Bb2 dxe4 23. fxe4 Nd3 24. Bxd3 Bxd3 25. Rc1 Nxe4 26. Rxf8+ Rxf8 27. Qf4 Rxf4
28. Rf1 Bxf1 29. Kh2 Qe2+ 30. Kg1 Qg2# 0-1